00862nam a2200229 a 450000500170000000800410001704100080005804400070006609000140007311001310008724500620021826000280028030000090030865000250031765000260034265000450036865000340041366200130044794200150046099900150047595201420049020171128112709.0140307b1976 ck ||||| |||| 00| 0 spa d aspa ack aLBb02670 97309aInstituto Colombiano de Normas Técnicas y CertificaciónbInstituto Colombiano de Normas Técnicas y Certificación aCódigos para la representación de nombres de países aBogotábICONTECc1976 a9 p. aDocumentación9943 aTerminología917351 aProcesamiento de la información917711 aCódigo para países917721 aColombia cImpreso2z c2882d2882 00102z40708GENERALaVillabVillad2002-08-12eVarón, Andrésl0oLB-02670p005048r2012-12-04 00:00:00tEj. 1w2012-12-04yFolleto